موسوعة الناشئة : (رقم التسجيلة. 22115)
[ عرض عادي ]
| 000 -LEADER | |
|---|---|
| fixed length control field | 00945nam a22002657a 4500 |
| 005 - DATE AND TIME OF LATEST TRANSACTION | |
| control field | 20251108165215.0 |
| 008 - FIXED-LENGTH DATA ELEMENTS--GENERAL INFORMATION | |
| fixed length control field | 250721s2009 xx 000 0 ara d |
| 082 14 - DEWEY DECIMAL CLASSIFICATION NUMBER | |
| Classification number | م/ط/503/موس |
| 245 10 - TITLE STATEMENT | |
| Title | موسوعة الناشئة : |
| Remainder of title | جسم الانسان , المحيطات , العلوم , الاتصالات , النباتات , الارض , عالم الحيوان , الالات و المعدات , المخترعون و العلماء / |
| 264 1# - PRODUCTION, PUBLICATION, DISTRIBUTION, MANUFACTURE, AND COPYRIGHT NOTICE | |
| Place of production, publication, distribution, manufacture | طرابلس : |
| Name of producer, publisher, distributor, manufacturer | دار الشمال، |
| Date of production, publication, distribution, manufacture, or copyright notice | 2009. |
| 300 ## - PHYSICAL DESCRIPTION | |
| Extent | ج1-9 |
| 650 17 - SUBJECT ADDED ENTRY--TOPICAL TERM | |
| Topical term or geographic name as entry element | القواميس |
| 650 17 - SUBJECT ADDED ENTRY--TOPICAL TERM | |
| Topical term or geographic name as entry element | العلوم |
| 650 17 - SUBJECT ADDED ENTRY--TOPICAL TERM | |
| Topical term or geographic name as entry element | جسم الانسان |
| 650 17 - SUBJECT ADDED ENTRY--TOPICAL TERM | |
| Topical term or geographic name as entry element | المحيطات |
| 650 17 - SUBJECT ADDED ENTRY--TOPICAL TERM | |
| Topical term or geographic name as entry element | العلوم |
| 650 17 - SUBJECT ADDED ENTRY--TOPICAL TERM | |
| Topical term or geographic name as entry element | الاتصالات |
| 650 17 - SUBJECT ADDED ENTRY--TOPICAL TERM | |
| Topical term or geographic name as entry element | النباتات |
| 650 17 - SUBJECT ADDED ENTRY--TOPICAL TERM | |
| Topical term or geographic name as entry element | الارض |
| 650 17 - SUBJECT ADDED ENTRY--TOPICAL TERM | |
| Topical term or geographic name as entry element | الحيوان |
| 650 17 - SUBJECT ADDED ENTRY--TOPICAL TERM | |
| Topical term or geographic name as entry element | الالات و المعدات |
| 653 ## - INDEX TERM--UNCONTROLLED | |
| Uncontrolled term | ناشاون صغار (10-14) سنه |
| 942 ## - ADDED ENTRY ELEMENTS (KOHA) | |
| Source of classification or shelving scheme | Dewey Decimal Classification |
| Koha item type | كتب |
| حالة السحب | حالة الفقدان | مصدر التصنيف | حالة التلف | غير قابل للإعارة | المكتبة الرئيسية | المكتبة الحالية | موقع الرف | تاريخ التزويد | الرقم المتسلسل | Total Checkouts | رقم الإستدعاء | الباركود | تاريخ آخر ظهور | تاريخ الفاتورة | نوع المادة (كوها) |
|---|---|---|---|---|---|---|---|---|---|---|---|---|---|---|---|
| Dewey Decimal Classification | Not For Loan | مكتبة ومركز فرح | مكتبة ومركز فرح | الأطفال | 28/07/2025 | 1286518 | م/ط/503/موس | PLD00086480 | 28/07/2025 | 28/07/2025 | كتب | ||||
| Dewey Decimal Classification | Not For Loan | مكتبة ومركز فرح | مكتبة ومركز فرح | الأطفال | 05/05/2009 | 1286519 | م/ط/503/موس | PLD00086525 | 28/07/2025 | 05/05/2009 | كتب | ||||
| Dewey Decimal Classification | Not For Loan | مكتبة ومركز فرح | مكتبة ومركز فرح | الأطفال | 05/05/2009 | 1286520 | م/ط/503/موس | PLD00086526 | 28/07/2025 | 05/05/2009 | كتب | ||||
| Dewey Decimal Classification | Not For Loan | مكتبة ومركز فرح | مكتبة ومركز فرح | الأطفال | 05/05/2009 | 1286521 | م/ط/503/موس | PLD00086527 | 28/07/2025 | 05/05/2009 | كتب | ||||
| Dewey Decimal Classification | Not For Loan | مكتبة ومركز فرح | مكتبة ومركز فرح | الأطفال | 05/05/2009 | 1286522 | م/ط/503/موس | PLD00086528 | 28/07/2025 | 05/05/2009 | كتب | ||||
| Dewey Decimal Classification | Not For Loan | مكتبة ومركز فرح | مكتبة ومركز فرح | الأطفال | 05/05/2009 | 1286523 | م/ط/503/موس | PLD00086529 | 28/07/2025 | 05/05/2009 | كتب | ||||
| Dewey Decimal Classification | Not For Loan | مكتبة ومركز فرح | مكتبة ومركز فرح | الأطفال | 05/05/2009 | 1286524 | م/ط/503/موس | PLD00086530 | 28/07/2025 | 05/05/2009 | كتب | ||||
| Dewey Decimal Classification | Not For Loan | مكتبة ومركز فرح | مكتبة ومركز فرح | الأطفال | 05/05/2009 | 1286525 | م/ط/503/موس | PLD00086531 | 28/07/2025 | 05/05/2009 | كتب | ||||
| Dewey Decimal Classification | Not For Loan | مكتبة ومركز فرح | مكتبة ومركز فرح | الأطفال | 05/05/2009 | 1286526 | م/ط/503/موس | PLD00086532 | 28/07/2025 | 05/05/2009 | كتب |